[Event "Pedrido op"]
[Site "Pedrido"]
[Date "2004.08.03"]
[Round "1"]
[White "Moldovan, Daniel"]
[Black "Abelleira Gonzalez, Daniel"]
[Result "1-0"]
[WhiteElo "2430"]
[BlackElo "2016"]
[PlyCount "49"]
[EventDate "2004.08.??"]
[EventType "swiss"]
[EventRounds "9"]
[EventCountry "ESP"]
[SourceTitle "EXT 2005"]
[Source "ChessBase"]
[SourceDate "2004.11.15"]
[SourceVersion "1"]
[SourceVersionDate "2004.11.15"]
[SourceQuality "1"]

1. e4 c5 2. Nf3 Nc6 3. d4 cxd4 4. Nxd4 e5 5. Nb5 d6 6. Bc4 Be7 7. N5c3 Nf6 8. Bg5 a6 9. Bxf6 Bxf6 10. Nd5 Be6 11. Nbc3 Bg5 12. 0-0 b5 13. Bb3 0-0 14. Qd3 Nd4 15. Ne2 Nxb3 16. axb3 Bxd5 17. Qxd5 Qb6 18. Rfd1 Be7 19. Qd3 b4 20. Ng3 g6 21. Nf1 f5 22. exf5 Rxf5 23. Qd5+ Kg7 24. Qxa8 Qxf2+ 25. Kh1 1-0